| 000 | 00445nam a2200169Ia 4500 | ||
|---|---|---|---|
| 008 | 230718s9999 xx 000 0 und d | ||
| 041 | _aeng | ||
| 082 |
_a005.14 _bFEN |
||
| 100 | _aFenton N.E. | ||
| 245 |
_aSoftware Metrics _bA Rigorous and Practical Approach |
||
| 250 | _a2nd ed. | ||
| 260 |
_c2005 _bThomson |
||
| 300 | _a638 | ||
| 365 |
_cRs. _b425.00 |
||
| 700 | _aFenton N.E. & Pfleeger S.L. | ||
| 906 |
_d1060700640/18.08.06 _cIT _b85 |
||
| 999 |
_c315284 _d315284 |
||